000 01867nam a22004817a 4500
001 000095281
003 CHAP
005 20220329143103.0
008 060224d2005 mx r 00110 spa d
010 _a91747
011 _a92719
035 _a103284
040 _cCHAP
090 _aTesis
100 1 _aRodríguez Becerra, Iracema Guadalupe.
_998322
245 1 3 _aEl impacto de las remesas en el alivio de la pobreza del sector rural de los estados de Guanajuato, Jalisco y Michoacán 2000 -2002 /
_c/por Iracema Guadalupe Rodríguez Becerra.
260 _aChapingo, Méx. :
_bEl autor,
_c2005.
300 _a104 h.
502 _aTesis (Lic. en Economía Agrícola) - - UACH. División de Ciencias Económico Administrativas
590 _aALEPH
_b10
_c20130110
_lUCH01
_h1509
590 _aBATCH-UPD
_b10
_c20130110
_lUCH01
_h0030
590 _aBATCH-UPD
_b10
_c20130110
_lUCH01
_h0521
590 _aBATCH-UPD
_b10
_c20130110
_lUCH01
_h2234
590 _aBATCH-UPD
_b10
_c20130409
_lUCH01
_h2012
590 _aBATCH-UPD
_b10
_c20130410
_lUCH01
_h0619
590 _aBATCH-UPD
_b10
_c20130914
_lUCH01
_h1554
590 _aBATCH-UPD
_b10
_c20140324
_lUCH01
_h1454
590 _aBATCH-UPD
_b10
_c20141002
_lUCH01
_h0828
590 _aCONVERSION
_b10
_c20130109
_lUCH01
_h1351
590 _aE12093SGE
_b10
_c20130610
_lUCH01
_h1041
650 1 4 _aGuanajuato
_xCondiciones económicas.
_950977
650 1 4 _aJalisco
_xCondiciones económicas.
_960958
650 1 4 _aMichoacán
_xCondiciones económicas.
_975446
650 1 4 _aPoblación rural
_zMéxico.
_989459
650 1 4 _aPobreza.
_989463
856 _3Finding aid
_uhttp://10.13.5.2/tesis/103284.pdf
_zTeclea aquí
901 _aBK
905 _aLilia
942 _cCD
942 _n0
949 _aTesis
_bBC
_cTES
_d33724000979761
_eTS2
_fc.2
_h44726
_i103284
_si
949 _aTesis
_bBC
_cTES
_d33724000979829
_eTS1
_h44725
_i103284
_sb
999 _c91747
_d91747